[Event "German Bundesliga 2021-22"]
[Site "Germany"]
[Date "2022.03.05"]
[Round "1.3"]
[White "Lemmers, Oscar"]
[Black "Khenkin, Igor"]
[Result "1/2-1/2"]
[WhiteElo "2346"]
[BlackElo "2509"]
[Annotator "ChessBase"]
[PlyCount "76"]
[EventDate "2022.03.05"]
[EventType "team-tourn"]
[EventCountry "GER"]
[SourceTitle "playchess.com"]
[Source "ChessBase"]
[SourceQuality "1"]
[TimeControl "40/5400+30:1800+30"]

1. e4 {[%emt 0:00:00]} c6 {[%emt 0:00:00]} 2. c4 {[%emt 0:00:00]} d5 {[%emt 0:00:00]} 3. exd5 {[%emt 0:00:00]} Nf6 {[%emt 0:00:00]} 4. Nc3 {[%emt 0:00:00]} cxd5 {[%emt 0:00:00]} 5. cxd5 {[%emt 0:00:00]} Nxd5 {[%emt 0:00:00]} 6. Nf3 {[%emt 0:00:00]} e6 {[%emt 0:00:00]} 7. Bc4 {[%emt 0:00:00]} Nc6 {[%emt 0:00:00]} 8. O-O {[%emt 0:00:00]} Be7 {[%emt 0:00:00]} 9. d4 {[%emt 0:00:00]} O-O {[%emt 0:00:00]} 10. Re1 {[%emt 0:00:00]} Bf6 {[%emt 0:00:00]} 11. Ne4 {[%emt 0:00:00]} h6 {[%emt 0:01:53]} 12. Bxd5 {[%emt 0:02:51]} exd5 {[%emt 0:00:46]} 13. Nxf6+ {[%emt 0:00:13]} Qxf6 {[%emt 0:00:02]} 14. Ne5 {[%emt 0:00:29]} Re8 {[%emt 0:11:34]} 15. Nxc6 {[%emt 0:02:30]} Rxe1+ {[%emt 0:04:30]} 16. Qxe1 {[%emt 0:00:08]} Qxc6 {[%emt 0:00:04]} 17. Bf4 {[%emt 0:06:24]} Bf5 {[%emt 0:09:40]} 18. Qd2 {[%emt 0:17:12]} Re8 {[%emt 0:07:14]} 19. a3 {[%emt 0:10:35]} Qb5 {[%emt 0:08:35]} 20. Be3 {[%emt 0:00:53]} Re6 {[%emt 0:12:26]} 21. Rc1 {[%emt 0:01:14]} Rb6 {[%emt 0:09:45]} 22. b4 {[%emt 0:00:29]} Qa4 {[%emt 0:01:40]} 23. Rc3 {[%emt 0:05:39]} a5 {[%emt 0:02:35]} 24. bxa5 {[%emt 0:05:53]} Rb2 {[%emt 0:05:50]} 25. Qe1 {[%emt 0:00:14]} Kh7 {[%emt 0:00:05]} 26. Rc1 {[%emt 0:07:08]} Qxa3 {[%emt 0:00:58]} 27. Ra1 {[%emt 0:01:03]} Qb3 {[%emt 0:13:34]} 28. h3 {[%emt 0:01:42]} Bd3 {[%emt 0:03:41]} 29. Qd1 {[%emt 0:02:13]} Qxd1+ {[%emt 0:02:02]} 30. Rxd1 {[%emt 0:00:11]} Bc4 {[%emt 0:00:30]} 31. Bf4 {[%emt 0:02:27]} g5 {[%emt 0:02:23]} 32. Bc7 {[%emt 0:01:02]} Kg6 {[%emt 0:01:28]} 33. Re1 {[%emt 0:04:19]} Be2 {[%emt 0:00:03]} 34. f3 {[%emt 0:01:33]} h5 {[%emt 0:00:49]} 35. Kf2 {[%emt 0:08:32]} Bc4+ {[%emt 0:00:07]} 36. Kg1 {[%emt 0:00:04]} Be2 {[%emt 0:00:44]} 37. Kf2 {[%emt 0:00:05]} Bc4+ {[%emt 0:00:10]} 38. Kg1 {[%emt 0:00:06]} Be2 {[%emt 0:03:59]} 1/2-1/2

[Event "German Bundesliga 2021-22"]
[Site "Germany"]
[Date "2022.03.05"]
[Round "1.3"]
[White "Costa, Leonardo"]
[Black "Braun, Arik"]
[Result "0-1"]
[WhiteElo "2324"]
[BlackElo "2587"]
[Annotator "TA"]
[PlyCount "136"]
[EventDate "2022.03.05"]
[EventType "team-tourn"]
[EventCountry "GER"]
[SourceTitle "playchess.com"]
[Source "ChessBase"]
[SourceQuality "1"]

{[%evp 19,136,35,39,41,35,14,14,13,20,16,15,13,45,-8,-8,-8,-4,-2,-1,-1,-1,-9,0,0,0,0,0,-4,0,-15,-10,-14,-25,-19,0,-7,0,0,0,0,0,-27,-30,-36,-24,-22,-29,-49,-50,-50,-34,-27,-27,-73,-65,-91,-70,-80,-70,-152,-129,-291,-246,-252,-150,-293,-264,-267,-277,-325,-310,-316,-290,-311,-329,-326,-291,-306,-253,-242,-256,-339,-246,-359,-361,-355,-292,-389,-365,-416,-393,-535,-538,-12825,-12825,-10576,-12819,-7644,-9939,-1597,-440,-12818,-12825,-9797,-12817,-1671,-2358,-12799,-6602,-2556,-2113,-12839,-12839,-12839,-12840,-12843,-12843,-12844,-12844]} 1. e4 c5 2. Nf3 e6 3. d4 cxd4 4. Nxd4 a6 5. Bd3 Nf6 6. O-O Qc7 7. Qe2 d6 8. c4 g6 9. Nc3 Bg7 10. Nf3 O-O 11. Bf4 {B42: Sicilian: Kan Variation: 5 Bd3.} Nh5 12. Be3 Bxc3 13. bxc3 {The position is equal.} e5 14. Rfd1 Nd7 {[%cal Bb8d7,Bd7c5,Bc5b7,Bb7a5][%mdl 32]} 15. Qd2 {[#]} Re8 $146 ({Predecessor:} 15... Rd8 16. Be2 Nhf6 17. Bg5 Re8 18. Bd3 Re6 19. Bh4 Kg7 20. Bg5 Nc5 21. Bh6+ Kh8 {½-½ (82) Sebag,M (2527)-Chuchelov,V (2575) Le Port Marly 2009}) 16. Be2 (16. Rab1 $14) 16... Nhf6 $11 17. Qc2 Nc5 18. Nd2 Be6 19. Rab1 Nfd7 20. Nb3 b6 21. f3 Nb7 22. Nd2 Rab8 23. Bf1 Rec8 24. Rb4 Qd8 25. Qd3 Rc6 26. Qe2 Na5 27. Qf2 Qc7 28. h4 f6 29. a3 Kf7 30. h5 g5 {Inhibits f4.} 31. Qe2 Ke7 32. Rdb1 Bf7 33. h6 Be6 34. g3 Qd8 35. Qf2 Nc5 36. Qh2 (36. f4 $11) 36... Qg8 $17 37. Kh1 {[#]} Nd7 $1 {[%cal Ra5c4] Pair of Knights!} 38. Qe2 Rbc8 {[%cal Ra5c4]} 39. Bxb6 (39. c5 $1 $15) 39... Nxc4 40. Bg1 {This move loses the game for White.} (40. Nxc4 $17 Bxc4 41. Rxc4 Rxc4 42. Ba5) 40... Nxa3 41. Rc1 Qf8 ({Black should play} 41... Rxc3 $19 42. Rxc3 Rxc3) 42. Qh2 (42. c4 $17) 42... Rxc3 $19 43. Rxc3 Rxc3 44. Bxa6 g4 45. fxg4 Bxg4 46. Qh4 Be6 47. Rb2 ({Of course not} 47. Rb7 Qg8 48. Bf1 Rxg3) 47... Qg8 48. Kh2 Rc2 49. Rxc2 Nxc2 50. Be2 Qa8 {Threatens to win with ...Qa5.} 51. Bg4 (51. g4 {might work better.}) 51... Qa5 52. Nf3 Ne1 {( -> ...Qa2+). Active counter play!} 53. Nxe1 Qxe1 54. Bxe6 {[%cal Oh4h5]} Qe2+ {[%mdl 64] [#] Zwischenzug} ({Stronger than} 54... Kxe6 55. Qg4+ Ke7 56. Qg7+ Ke8 57. Qxh7 Qe2+ 58. Kh1 Qf3+ 59. Kh2 Qe2+ 60. Kh1 Qf3+ 61. Kh2 Qe2+ $11) 55. Kh3 {Qg4 is the strong threat.} Kxe6 {Black is clearly winning.} ({Don't go for} 55... Qf1+ $2 56. Kh2 Qe2+ 57. Kh3 Kxe6 58. Qg4+ Qxg4+ 59. Kxg4 $19) 56. Qg4+ Qxg4+ 57. Kxg4 {[%mdl 4096] Endgame KB-KN} Nc5 58. Kf3 Kf7 59. Be3 Kg6 {Hoping for ...Ne6.} 60. Bc1 (60. g4 $142 Ne6 61. Bf2) 60... Nb3 61. Be3 Nd4+ 62. Kf2 Ne6 63. Ke2 Ng5 64. Kd3 Kxh6 {White must now prevent ...Kh5.} 65. Kc4 Kh5 66. Kd5 Kg4 67. Kxd6 Nxe4+ 68. Ke6 h5 {Weighted Error Value: White=0.50/Black=0.08 (flawless)} 0-1

[Event "German Bundesliga 2021-22"]
[Site "Germany"]
[Date "2022.03.05"]
[Round "1.4"]
[White "Edouard, Romain"]
[Black "Naiditsch, Arkadij"]
[Result "0-1"]
[WhiteElo "2591"]
[BlackElo "2648"]
[Annotator "TA"]
[PlyCount "90"]
[EventDate "2022.03.05"]
[EventType "team-tourn"]
[EventCountry "GER"]
[SourceTitle "playchess.com"]
[Source "ChessBase"]
[SourceQuality "1"]

{[%evp 12,90,0,-1,18,7,4,8,17,20,27,15,17,22,15,6,21,20,16,18,20,22,41,27,38,42,43,27,35,7,21,11,23,0,4,-13,-21,-24,42,37,64,0,0,0,0,0,0,0,40,48,56,54,55,0,0,0,16,-30,-32,-18,-21,-590,-582,-573,-382,-1441,-1459,-1327,-1265,-1108,-767,-1096,-1074,-996,-899,-882,-821,-2221,-2021,-12845,-12846]} 1. d4 Nf6 2. c4 e6 3. Nc3 Bb4 4. Nf3 b6 5. Qb3 c5 (5... a5 6. g3 Nc6 7. Bg2 a4 8. Qc2 Ba6 9. O-O a3 10. Rd1 axb2 11. Bxb2 Na5 12. Ne5 c6 13. d5 cxd5 14. cxd5 Rc8 15. dxe6 fxe6 16. Rac1 O-O 17. Qa4 Bc5 18. Nxd7 Nxd7 19. Rxd7 {½-½ (51) Edouard,R (2649)-Naiditsch,A (2626) Biel 2020 CBM 197 Extra [Edouard,R]}) 6. Bg5 {[%cal Bc1g5,Bg5h4,Bh4g3][%mdl 32]} h6 7. Bh4 g5 {E21: Nimzo-Indian: 4 Nf3.} 8. Bg3 Ne4 9. e3 Bb7 {The position is equal.} 10. Nd2 Bxc3 11. bxc3 Nxg3 12. hxg3 {[#]} d6 $146 ({Predecessor:} 12... Qe7 13. f3 f5 14. a4 Nc6 15. a5 Qd8 16. dxc5 Nxa5 17. Rxa5 bxa5 18. Qxb7 Rb8 {0-1 (65) Edouard,R (2636)-Karpov,A (2628) Cap d'Agde 2015}) 13. a4 Nd7 14. a5 Nf6 15. f3 Bc6 16. Bd3 bxa5 17. Qa3 {[%csl LRa5,LRc5]} a4 18. Bc2 a5 19. e4 Qc7 20. Bxa4 Bxa4 21. Qxa4+ Kf8 22. Kf2 Kg7 23. Rhb1 cxd4 24. cxd4 e5 (24... Qa7 $11 25. Nb3 Rhb8) 25. Rb5 $14 {[%cal Rb5a5]} exd4 {[%cal Be5d4,Bd4d3][%mdl 32]} 26. Nb3 (26. Rxa5 $14 Rxa5 27. Qxa5) 26... d3 $11 {[%cal Od6d5]} 27. Nd4 Rhb8 ({Don't do} 27... Qa7 28. Ke3 $16) 28. Qb3 Rxb5 29. cxb5 d2 {[%cal Od6d5]} 30. Qe3 a4 $1 31. Qxd2 d5 32. e5 (32. exd5 $14 Qc5 33. g4) 32... Qxe5 33. Re1 Qc7 34. Re7 Qb6 {[#] ...a3 is the strong threat.} (34... Qxe7 $2 35. Nf5+ Kf8 36. Nxe7 $18) (34... Ng4+ 35. fxg4 Qb6 36. Kf3 Qf6+ 37. Nf5+ Kg6 38. Rd7 $18) 35. Qe3 {Black must now prevent Nf5+.} Kg8 {aiming for ...a3.} 36. Nc6 $2 {[%mdl 8192] This costs White the game.} (36. Nf5 $11 {and White has nothing to worry.} Qxe3+ 37. Rxe3 (37. Kxe3 $2 {loses.} a3 $19)) 36... Qxb5 $19 37. Ne5 Re8 38. Nxf7 $2 {[#]} (38. Qa7 Rxe7 39. Qxe7 Qb6+ 40. Ke1) 38... Ne4+ $1 {[%mdl 512] Black is clearly winning.} 39. fxe4 Rxe7 40. Nxh6+ {[%mdl 4096] Endgame KQR-KQN} Kf8 41. Qxg5 Qc5+ 42. Kf1 Ke8 43. Qg6+ Kd8 44. Qf6 a3 {And now ...Qc1+ would win.} 45. Nf5 Qc1+ {Weighted Error Value: White=0.67/Black=0.18 (very precise)} 0-1

[Event "German Bundesliga 2021-22"]
[Site "Germany"]
[Date "2022.03.05"]
[Round "1.4"]
[White "Bjerre, Jonas Buhl"]
[Black "Klein, Felix"]
[Result "1-0"]
[WhiteElo "2586"]
[BlackElo "2288"]
[Annotator "TA"]
[PlyCount "83"]
[EventDate "2022.03.05"]
[EventType "team-tourn"]
[EventCountry "GER"]
[SourceTitle "playchess.com"]
[Source "ChessBase"]
[SourceQuality "1"]

{[%evp 14,83,2,25,18,0,35,10,35,29,31,0,1,0,10,8,16,-4,-10,-11,-8,-22,0,-10,0,0,0,-23,-19,-29,37,26,22,14,27,22,45,41,71,61,65,75,109,132,119,111,171,145,204,212,206,192,637,589,731,724,677,602,847,886,1418,1389,1204,1184,2112,2025,29962,29966,29965,29968,5143,2333]} 1. Nf3 {Mekhitarian,K} d5 2. g3 Nf6 3. Bg2 e6 4. O-O c5 5. c4 d4 6. e3 Nc6 7. exd4 cxd4 8. d3 Nd7 {A13: English Opening: 1...e6.} 9. Re1 Be7 10. Na3 {[#]} a5 $146 {The position is equal.} ({Predecessor:} 10... e5 11. Nc2 a5 12. a3 O-O 13. Bd2 a4 14. Nb4 Bd6 15. Ng5 Nc5 16. Ne4 Nb3 17. Nxd6 Qxd6 18. Nxc6 bxc6 {1-0 (55) Giri,A (2767)-Vallejo Pons,F (2716) Novi Sad 2016 CBM 176 [Mekhitarian,K]}) 11. Bf4 {Threatens to win with Nb5.} g5 12. Bc1 (12. Be5 {seems wilder.} O-O 13. Nb5 Ncxe5 14. Nxe5 Bb4 15. Nxd7 Bxd7 16. Rf1) 12... O-O 13. Nc2 Nc5 14. b3 f6 15. Ba3 e5 16. Bxc5 Bxc5 17. a3 Kg7 18. Nd2 Rf7 19. Rb1 Qf8 20. Qc1 Bf5 21. Ne4 {[%cal Ob3b4]} Re8 (21... Be7 $11) 22. Nxc5 (22. b4 {is more complex.} Bxe4 23. Bxe4 axb4 24. Bxc6 bxc6 25. axb4 Be7 26. Qd1) 22... Qxc5 23. b4 Qf8 24. Qd2 axb4 25. axb4 Nd8 26. c5 b6 27. cxb6 {White leaves nothing to chance now.} Qd6 {[#]} 28. Na3 $1 $36 {[%mdl 2048] Keeping Black busy.} Qxb6 29. Nc4 Qb8 (29... Qe6 $16) 30. Ra1 $18 {[%cal Bb1a1,Ba1a8,Ba8a5][%mdl 32]} Rd7 (30... Nb7 $16 31. Ra6 Qd8) 31. Ra8 Qc7 32. b5 {[%cal Bb4b5,Bb5b6][%mdl 32]} Ree7 $2 (32... Re6 33. h4 gxh4 34. gxh4 e4) 33. b6 Qc5 34. Ra5 Qc8 35. Rc1 Nb7 {[#]} 36. Nxe5 $1 {[%mdl 512]} Qe8 (36... Qd8 37. Bxb7) 37. Nxd7 Nxa5 38. Qxa5 Bxd7 39. b7 {Strongly threatening Qc7.} Qb8 40. Qa8 Re8 41. Qxb8 Rxb8 42. Rc7 {Weighted Error Value: White=0.04 (flawless) /Black=0.63} 1-0

[Event "German Bundesliga 2021-22"]
[Site "Germany"]
[Date "2022.03.05"]
[Round "1.4"]
[White "Wagner, Dennis"]
[Black "Rupprecht, Andreas"]
[Result "1-0"]
[WhiteElo "2584"]
[BlackElo "2389"]
[Annotator "TA"]
[PlyCount "53"]
[EventDate "2022.03.05"]
[EventType "team-tourn"]
[EventCountry "GER"]
[SourceTitle "playchess.com"]
[Source "ChessBase"]
[SourceQuality "1"]

{[%evp 9,53,28,27,27,28,30,35,32,45,36,38,40,96,66,85,83,87,77,106,100,116,87,83,85,81,82,86,76,83,76,78,92,100,89,91,89,91,87,86,83,420,409,384,379,740,733]} 1. d4 f5 2. Nf3 Nf6 3. c4 g6 4. Nc3 Bg7 5. b4 O-O 6. e3 {A85: Dutch Defence: 2 c4 Nf6 3 Nc3.} e6 7. Be2 Qe7 8. Qb3 {[#] White is slightly better.} Nc6 $146 ({Predecessor:} 8... d6 9. c5 dxc5 10. bxc5 Nc6 11. O-O Kh8 12. Rd1 Nd5 13. Nxd5 exd5 14. Bb5 Nd8 {1-0 (64) Knechtel,R (2070)-Gradwohl,M (2115) Bayern 1997}) 9. Ba3 {[#] Hoping for b5.} d6 10. O-O Ng4 (10... a6 $14) 11. b5 Nd8 12. c5 Nf7 13. Rac1 b6 14. h3 Ngh6 {[%cal Bg4h6,Bh6f5,Bf5h4][%mdl 32]} 15. e4 fxe4 16. Nxe4 Nf5 17. Rfd1 Bb7 18. c6 Bc8 19. Bb2 Nh4 20. Ned2 {White is much more active. Black has bad knights.} Kh8 21. Bc4 Nxf3+ 22. Nxf3 (22. gxf3 $2 a6 23. f4 d5 $19) ({But not} 22. Qxf3 Qh4 $14) 22... Ng5 23. Nxg5 Qxg5 24. Rc3 e5 $2 {[%mdl 8192] [#]} (24... a6 $16) 25. Rg3 $18 ({Not} 25. Rf3 Rxf3 26. Qxf3 e4 27. Qxe4 Bxh3 $14) 25... Qh5 26. dxe5 Bxe5 (26... dxe5 27. Ba3 Bf5 28. Bxf8 Rxf8) 27. Re1 {Weighted Error Value: White=0.05 (flawless) /Black=0.40} 1-0

[Event "German Bundesliga 2021-22"]
[Site "Germany"]
[Date "2022.03.05"]
[Round "1.4"]
[White "Georgiadis, Nico"]
[Black "Gumularz, Szymon"]
[Result "1-0"]
[WhiteElo "2562"]
[BlackElo "2539"]
[Annotator "ChessBase"]
[PlyCount "79"]
[EventDate "2022.03.05"]
[EventType "team-tourn"]
[EventCountry "GER"]
[SourceTitle "playchess.com"]
[Source "ChessBase"]
[SourceQuality "1"]
[TimeControl "40/5400+30:1800+30"]

1. e4 {[%emt 0:00:00]} e5 {[%emt 0:00:00]} 2. Nf3 {[%emt 0:00:00]} Nc6 {[%emt 0:00:00]} 3. Bb5 {[%emt 0:00:00]} a6 {[%emt 0:00:00]} 4. Ba4 {[%emt 0:00:00]} Nf6 {[%emt 0:00:00]} 5. O-O {[%emt 0:00:00]} b5 {[%emt 0:00:00]} 6. Bb3 {[%emt 0:00:00]} Bc5 {[%emt 0:00:00]} 7. a4 {[%emt 0:00:00]} Rb8 {[%emt 0:00:00]} 8. c3 {[%emt 0:00:00]} d6 {[%emt 0:00:00]} 9. d4 {[%emt 0:00:00]} Bb6 {[%emt 0:00:00]} 10. a5 {[%emt 0:00:00]} Ba7 {[%emt 0:00:00]} 11. h3 {[%emt 0:00:00]} O-O {[%emt 0:00:00]} 12. Be3 {[%emt 0:00:00]} Re8 {[%emt 0:00:13]} 13. Nbd2 {[%emt 0:10:42]} Bb7 {[%emt 0:04:25]} 14. Ng5 {[%emt 0:15:50]} Rf8 {[%emt 0:47:27]} 15. Ndf3 {[%emt 0:01:54]} d5 {[%emt 0:20:34]} 16. exd5 {[%emt 0:14:30]} Nxd5 {[%emt 0:01:44]} 17. Qb1 {[%emt 0:23:29]} g6 {[%emt 0:04:04]} 18. Qa2 {[%emt 0:00:34]} Nce7 {[%emt 0:16:19]} 19. Nxe5 {[%emt 0:03:41]} Qc8 {[%emt 0:00:52]} 20. Ngf3 {[%emt 0:05:32]} f6 {[%emt 0:00:35]} 21. Nd3 {[%emt 0:01:06]} Kh8 {[%emt 0:00:28]} 22. Rfe1 {[%emt 0:02:41]} g5 {[%emt 0:00:25]} 23. Nh2 {[%emt 0:04:57]} Bc6 {[%emt 0:00:10]} 24. Bd1 {[%emt 0:05:20]} Qb7 {[%emt 0:01:25]} 25. Bf3 {[%emt 0:01:03]} Nf5 {[%emt 0:00:23]} 26. c4 {[%emt 0:06:22]} bxc4 {[%emt 0:02:11]} 27. Qxc4 {[%emt 0:00:05]} Nh4 {[%emt 0:00:35]} 28. Rac1 {[%emt 0:01:24]} Nxf3+ {[%emt 0:00:15]} 29. Nxf3 {[%emt 0:00:04]} Bb5 {[%emt 0:00:18]} 30. Qc2 {[%emt 0:00:10]} Rbe8 {[%emt 0:00:41]} 31. Bd2 {[%emt 0:00:53]} Rxe1+ {[%emt 0:01:57]} 32. Rxe1 {[%emt 0:00:23]} Rg8 {[%emt 0:00:11]} 33. Nc5 {[%emt 0:01:02]} Qc8 {[%emt 0:00:08]} 34. Qe4 {[%emt 0:01:18]} Qd8 {[%emt 0:01:31]} 35. Ne6 {[%emt 0:02:22]} Qd6 {[%emt 0:00:25]} 36. Bxg5 {[%emt 0:00:48]} Re8 {[%emt 0:00:43]} 37. Qf5 {[%emt 0:00:12]} fxg5 {[%emt 0:00:20]} 38. Nfxg5 {[%emt 0:00:07]} Qe7 {[%emt 0:00:38]} 39. Nf7+ {[%emt 0:00:11]} Kg8 {[%emt 0:00:07]} 40. Qg4+ {[%emt 0:00:04]} 1-0

[Event "German Bundesliga 2021-22"]
[Site "Germany"]
[Date "2022.03.05"]
[Round "1.5"]
[White "Gustafsson, Jan"]
[Black "Babula, Vlastimil"]
[Result "1/2-1/2"]
[WhiteElo "2643"]
[BlackElo "2558"]
[Annotator "TA"]
[PlyCount "113"]
[EventDate "2022.03.05"]
[EventType "team-tourn"]
[EventCountry "GER"]
[SourceTitle "playchess.com"]
[Source "ChessBase"]
[SourceQuality "1"]

{[%evp 13,113,20,16,9,17,15,14,12,11,12,16,12,16,16,16,16,19,9,19,9,10,13,26,11,11,0,26,6,14,12,16,0,10,10,10,10,10,10,37,37,60,23,23,23,23,0,20,11,11,6,8,4,20,29,29,15,35,35,35,28,35,35,35,35,35,35,35,35,35,8,8,0,8,8,8,8,8,8,28,8,10,8,17,4,4,4,4,4,4,4,4,4,4,0,4,4,4,4,4,0,4,0]} 1. d4 Nf6 2. c4 e6 3. Nc3 Bb4 4. Qc2 d5 5. cxd5 exd5 6. Bg5 c5 7. dxc5 h6 8. Bh4 {E35: Nimzo-Indian: Classical: 4...d5 5 cxd5 exd5.} O-O 9. e3 Be6 10. Nf3 Nbd7 11. Nd4 Nxc5 12. a3 Bxc3+ 13. Qxc3 Rc8 14. f3 Re8 15. Qd2 Bd7 16. Be2 {[#]} Ne6 $146 ({Predecessor:} 16... Qb6 17. O-O Nb3 18. Nxb3 Qxb3 19. Bd3 Nh7 20. a4 Qb6 21. Bf2 Qe6 22. Qb4 Bc6 {½-½ (37) Perez Ponsa,F (2554)-Nikolov,M (2547) Krasnaya Polyana 2021}) 17. O-O Nxd4 18. exd4 Qb6 19. Rfe1 Nh7 20. a4 {[%cal Ba3a4,Ba4a5][%mdl 32]} Nf8 21. a5 Qg6 {[#] White must now prevent ...Rc2.} 22. Rac1 {Prevents Rc2.} a6 23. Bd3 Bf5 24. Rxe8 Rxe8 25. Bf1 Ne6 {To avoid Rc7} 26. b4 Qh5 27. Bf2 {Strongly threatening g4.} Qg5 28. Be3 Qe7 29. Bf2 Qg5 30. Qxg5 hxg5 31. Be3 f6 32. Kf2 Kf7 33. b5 axb5 34. Bxb5 Re7 35. g4 Bh7 36. Rc8 Rc7 37. Rxc7+ Nxc7 $14 {[%mdl 4096] Endgame KBB-KBN} 38. Bd7 {[#] aiming for Bc8.} Bd3 $1 39. f4 gxf4 40. Bxf4 Ne6 41. Be3 (41. Ke3 $5 {[%cal Rd7e6]} Bf1 42. h4 $14) 41... g5 42. Kg3 Ke7 43. Bc8 Ba6 44. h4 gxh4+ 45. Kxh4 Ng7 46. g5 fxg5+ {The position is equal.} 47. Kxg5 Ne8 48. Bf4 Nd6 49. Bg4 Bb5 50. Bxd6+ Kxd6 $11 {KB-KB} 51. Kf6 Ba4 52. Bh5 Bb5 53. Bg4 Ba4 54. Be2 Bc6 55. Bd3 Ba4 56. Be2 Bd7 57. Bd3 {Weighted Error Value: White=0.05 (flawless) /Black=0.04 (flawless)} 1/2-1/2

[Event "German Bundesliga 2021-22"]
[Site "Germany"]
[Date "2022.03.05"]
[Round "1.5"]
[White "Baldauf, Marco"]
[Black "Dragnev, Valentin"]
[Result "0-1"]
[WhiteElo "2522"]
[BlackElo "2533"]
[Annotator "ChessBase"]
[PlyCount "84"]
[EventDate "2022.03.05"]
[EventType "team-tourn"]
[EventCountry "GER"]
[SourceTitle "playchess.com"]
[Source "ChessBase"]
[SourceQuality "1"]
[TimeControl "40/5400+30:1800+30"]

1. Nf3 {[%emt 0:00:00]} Nf6 {[%emt 0:00:00]} 2. c4 {[%emt 0:00:00]} e6 {[%emt 0:00:00]} 3. Nc3 {[%emt 0:00:00]} d5 {[%emt 0:00:00]} 4. d4 {[%emt 0:00:00]} Be7 {[%emt 0:00:00]} 5. g3 {[%emt 0:00:00]} O-O {[%emt 0:00:00]} 6. Bg2 {[%emt 0:00:00]} Nbd7 {[%emt 0:00:00]} 7. Qd3 {[%emt 0:00:00]} b6 {[%emt 0:00:00]} 8. cxd5 {[%emt 0:00:00]} Nxd5 {[%emt 0:00:00]} 9. Nxd5 {[%emt 0:00:00]} exd5 {[%emt 0:00:00]} 10. O-O {[%emt 0:00:00]} Bb7 {[%emt 0:00:00]} 11. Rd1 {[%emt 0:16:31]} Re8 {[%emt 0:14:04]} 12. Bf4 {[%emt 0:09:24]} Nf8 {[%emt 0:02:40]} 13. Rac1 {[%emt 0:09:08]} Ne6 {[%emt 0:00:53]} 14. Qc2 {[%emt 0:10:41]} Nxf4 {[%emt 0:19:35]} 15. gxf4 {[%emt 0:00:04]} Bd6 {[%emt 0:00:24]} 16. e3 {[%emt 0:01:42]} f6 {[%emt 0:20:23]} 17. Nh4 {[%emt 0:18:18]} g6 {[%emt 0:05:45]} 18. Kh1 {[%emt 0:03:42]} Re7 {[%emt 0:01:17]} 19. Qb3 {[%emt 0:04:55]} c6 {[%emt 0:00:21]} 20. Nf3 {[%emt 0:01:20]} Kh8 {[%emt 0:01:04]} 21. Rg1 {[%emt 0:02:31]} Qd7 {[%emt 0:02:50]} 22. Bf1 {[%emt 0:03:37]} Rf8 {[%emt 0:00:41]} 23. h4 {[%emt 0:01:41]} Qf5 {[%emt 0:01:37]} 24. Rg3 {[%emt 0:02:13]} c5 {[%emt 0:02:50]} 25. Qa4 {[%emt 0:02:29]} Ba8 {[%emt 0:09:32]} 26. Kg1 {[%emt 0:04:45]} Rc7 {[%emt 0:01:43]} 27. b3 {[%emt 0:04:51]} c4 {[%emt 0:01:54]} 28. Bh3 {[%emt 0:03:41]} Qe4 {[%emt 0:02:18]} 29. Kh2 {[%emt 0:02:37]} Bc6 {[%emt 0:04:08]} 30. Qa6 {[%emt 0:00:08]} Qe8 {[%emt 0:00:13]} 31. bxc4 {[%emt 0:01:09]} dxc4 {[%emt 0:00:19]} 32. a4 {[%emt 0:00:24]} Bxa4 {[%emt 0:01:34]} 33. d5 {[%emt 0:00:21]} c3 {[%emt 0:04:59]} 34. Nd4 {[%emt 0:00:40]} c2 {[%emt 0:01:41]} 35. Qd3 {[%emt 0:00:32]} b5 {[%emt 0:02:23]} 36. Rgg1 {[%emt 0:00:34]} b4 {[%emt 0:00:56]} 37. Nxc2 {[%emt 0:00:27]} Rc3 {[%emt 0:00:25]} 38. Qd2 {[%emt 0:00:02]} Qe4 {[%emt 0:00:49]} 39. Nd4 {[%emt 0:00:31]} Rd3 {[%emt 0:00:44]} 40. Qa2 {[%emt 0:00:49]} Bxf4+ {[%emt 0:01:33]} 41. exf4 {[%emt 0:30:04]} Qxf4+ {[%emt 0:00:00]} 42. Kg2 {[%emt 0:00:00]} Rd2 {[%emt 0:00:00]} 0-1

[Event "German Bundesliga 2021-22"]
[Site "Germany"]
[Date "2022.03.05"]
[Round "1.5"]
[White "Begnis, Nikolaos"]
[Black "Dziuba, Marcin"]
[Result "0-1"]
[WhiteElo "2278"]
[BlackElo "2568"]
[Annotator "ChessBase"]
[PlyCount "66"]
[EventDate "2022.03.05"]
[EventType "team-tourn"]
[EventCountry "GER"]
[SourceTitle "playchess.com"]
[Source "ChessBase"]
[SourceQuality "1"]
[TimeControl "40/5400+30:1800+30"]

1. e4 {[%emt 0:03:48]} c5 {[%emt 0:00:00]} 2. Nf3 {[%emt 0:00:56]} d6 {[%emt 0:00:00]} 3. d4 {[%emt 0:00:19]} cxd4 {[%emt 0:00:00]} 4. Nxd4 {[%emt 0:00:06]} Nf6 {[%emt 0:00:00]} 5. Nc3 {[%emt 0:00:10]} Nc6 {[%emt 0:00:00]} 6. Bc4 {[%emt 0:02:55]} Qb6 {[%emt 0:00:00]} 7. Nb3 {[%emt 0:01:43]} e6 {[%emt 0:00:00]} 8. O-O {[%emt 0:07:52]} Be7 {[%emt 0:00:00]} 9. Be3 {[%emt 0:08:25]} Qc7 {[%emt 0:00:00]} 10. Be2 {[%emt 0:00:16]} O-O {[%emt 0:07:22]} 11. f4 {[%emt 0:01:48]} a6 {[%emt 0:02:13]} 12. a4 {[%emt 0:02:05]} b6 {[%emt 0:03:15]} 13. Bf3 {[%emt 0:05:26]} Bb7 {[%emt 0:01:44]} 14. Qe2 {[%emt 0:16:13]} Rac8 {[%emt 0:04:35]} 15. g4 {[%emt 0:11:33]} Nd7 {[%emt 0:00:57]} 16. g5 {[%emt 0:01:07]} Rfe8 {[%emt 0:01:59]} 17. Bg2 {[%emt 0:05:52]} g6 {[%emt 0:07:52]} 18. Qf2 {[%emt 0:11:50]} Bf8 {[%emt 0:01:17]} 19. f5 {[%emt 0:02:57]} Nce5 {[%emt 0:03:17]} 20. Bd4 {[%emt 0:01:36]} Bg7 {[%emt 0:10:09]} 21. Kh1 {[%emt 0:02:19]} Qd8 {[%emt 0:16:32]} 22. Qg3 {[%emt 0:02:24]} Rc4 {[%emt 0:01:59]} 23. Rad1 {[%emt 0:00:35]} Bc6 {[%emt 0:05:04]} 24. Bg1 {[%emt 0:01:55]} gxf5 {[%emt 0:02:18]} 25. Nd4 {[%emt 0:00:33]} Bxe4 {[%emt 0:03:20]} 26. Nxe4 {[%emt 0:01:20]} fxe4 {[%emt 0:00:12]} 27. Bxe4 {[%emt 0:00:12]} d5 {[%emt 0:00:45]} 28. Bg2 {[%emt 0:00:19]} Qc7 {[%emt 0:02:29]} 29. c3 {[%emt 0:00:50]} Rxa4 {[%emt 0:03:14]} 30. Rf4 {[%emt 0:00:13]} Rc4 {[%emt 0:03:58]} 31. Rdf1 {[%emt 0:01:07]} Nf8 {[%emt 0:00:45]} 32. h4 {[%emt 0:02:39]} Neg6 {[%emt 0:00:39]} 33. Qg4 {[%emt 0:00:56]} Nxf4 {[%emt 0:00:30]} 0-1